[Event "Int. Stuttgarter Stadtmeisterschaft C"]
[Site "Ditzingen"]
[Date "2013.05.09"]
[Round "1.1"]
[White "Mackeprang, Jelena"]
[Black "Winterkorn, Nikolaus"]
[Result "0-1"]
[WhiteElo "1094"]
[BlackElo "1456"]
[PlyCount "66"]
[EventDate "2013.??.??"]
[WhiteTeam "SK Schmiden/Cannstatt"]
[BlackTeam "DJK Sportbund Stuttgart e.V."]

1. e4 Nc6 2. Nf3 d6 3. d4 Bg4 4. Be2 e6 5. Nc3 Nf6 6. Bg5 Be7 7. O-O O-O 8. Re1
a6 9. d5 exd5 10. exd5 Bxf3 11. Bxf3 Ne5 12. Bf4 Nfd7 13. Bg4 Bf6 14. Bf5 g6
15. Bh6 gxf5 16. Bxf8 Nxf8 17. Qh5 Qd7 18. Re3 Neg6 19. Rf3 Bxc3 20. Rxc3 Re8
21. Re3 f4 22. Rxe8 Qxe8 23. Kf1 Qb5+ 24. Qe2 Qxd5 25. b3 Ne6 26. Rd1 Qf5 27.
c3 Ne5 28. h3 f3 29. Qe3 fxg2+ 30. Kxg2 Ng6 31. Qg3 h5 32. h4 Qe4+ 33. Kf1 Nef4
0-1

[Event "Int. Stuttgarter Stadtmeisterschaft C"]
[Site "Ditzingen"]
[Date "2013.05.09"]
[Round "1.2"]
[White "Thomas, Leonhard"]
[Black "Kobald, Pierre"]
[Result "1-0"]
[WhiteElo "1445"]
[BlackElo "1075"]
[PlyCount "85"]
[EventDate "2013.??.??"]
[WhiteTeam "SV Fellbach"]
[BlackTeam "SV Stuttgart-Wolfbusch 1956 e.V."]

1. e4 e5 2. Nf3 Nc6 3. Bb5 a6 4. Bxc6 bxc6 5. Nc3 Nf6 6. d3 Be7 7. Nxe5 O-O 8.
Bg5 Bb7 9. O-O d5 10. Bxf6 Bxf6 11. Ng4 Be7 12. h3 d4 13. Ne2 a5 14. Ng3 g6 15.
Re1 c5 16. b3 Ra6 17. Qd2 Bg5 18. f4 Bh4 19. Kh2 Bc8 20. Ne5 f6 21. Nf3 Bxg3+
22. Kxg3 g5 23. Kh2 g4 24. Nh4 f5 25. Nxf5 Bxf5 26. exf5 Rxf5 27. hxg4 Qh4+ 28.
Kg1 Qxg4 29. Re8+ Rf8 30. Rae1 Qh5 31. Rxf8+ Kxf8 32. Qe2 Qxe2 33. Rxe2 Kf7 34.
Kf2 Rf6 35. Kf3 h5 36. g3 Rc6 37. Re5 c4 38. dxc4 a4 39. Ke4 axb3 40. axb3 Rh6
41. Kxd4 h4 42. gxh4 Rxh4 43. Re4 1-0

[Event "Int. Stuttgarter Stadtmeisterschaft C"]
[Site "Ditzingen"]
[Date "2013.05.09"]
[Round "1.3"]
[White "Jüttner, Dennis"]
[Black "Wasielewski, Kim-Luca"]
[Result "0-1"]
[WhiteElo "1064"]
[BlackElo "1420"]
[PlyCount "92"]
[EventDate "2013.??.??"]
[WhiteTeam "SpVgg Rommelshausen"]
[BlackTeam "Heilbronner SV"]

1. e4 c6 2. Nf3 d5 3. exd5 cxd5 4. d4 Nc6 5. c4 Bg4 6. Be3 e6 7. h3 Bh5 8. g4
Bg6 9. Nc3 Nf6 10. cxd5 Nxd5 11. Nxd5 exd5 12. Ne5 Be4 13. Nxc6 bxc6 14. f3
Bb4+ 15. Bd2 Bxd2+ 16. Qxd2 Bxf3 17. Rh2 O-O 18. Be2 Re8 19. Rf2 Bxe2 20. Rxe2
Qh4+ 21. Kd1 Qxh3 22. Rxe8+ Rxe8 23. Kc2 Qxg4 24. Re1 Rxe1 25. Qxe1 Qe4+ 26.
Qxe4 dxe4 27. Kd2 f5 28. Ke2 f4 29. b4 a6 30. a4 g5 31. b5 cxb5 32. d5 Kf8 33.
d6 bxa4 34. d7 Ke7 35. d8=Q+ Kxd8 36. Kd2 Ke7 37. Kc2 Ke6 38. Kb2 e3 39. Ka3 f3
40. Kxa4 e2 41. Ka5 f2 42. Kxa6 e1=Q 43. Kb5 Qc3 44. Kb6 f1=R 45. Kb5 Rb1+ 46.
Ka4 Qb4# 0-1

[Event "Int. Stuttgarter Stadtmeisterschaft C"]
[Site "Ditzingen"]
[Date "2013.05.09"]
[Round "1.4"]
[White "Fais, Sami"]
[Black "Klein, Werner"]
[Result "1-0"]
[WhiteElo "1413"]
[BlackElo "1043"]
[PlyCount "90"]
[EventDate "2013.??.??"]
[WhiteTeam "VfL Sindelfingen"]
[BlackTeam "SV Stuttgart-Wolfbusch 1956 e.V."]

1. d4 e6 2. c4 d5 3. Nc3 h6 4. Nf3 Nf6 5. Bf4 a6 6. cxd5 exd5 7. e3 Be7 8. Be2
O-O 9. O-O Bf5 10. Re1 Re8 11. Rc1 b5 12. a3 c5 13. dxc5 Bxc5 14. Nxd5 Nxd5 15.
Rxc5 Be6 16. Bg3 Nb6 17. Qxd8 Rxd8 18. Bc7 Na4 19. Bxd8 Nxc5 20. Be7 Nbd7 21.
Nd4 Re8 22. Bxc5 Nxc5 23. Rc1 Nb3 24. Nxb3 Bxb3 25. Rc6 Rd8 26. Kf1 Rd2 27.
Rxa6 Rxb2 28. Bd3 g6 29. Bxb5 Rb1+ 30. Ke2 Bd1+ 31. Kd2 Bg4 32. f3 Rb2+ 33. Kc3
Rxb5 34. fxg4 Rb1 35. Rf6 Rg1 36. Rf2 Re1 37. Ra2 Rxe3+ 38. Kd4 Re8 39. a4 Rd8+
40. Kc5 Kf8 41. a5 Ke8 42. Kb6 Rd7 43. a6 Rd6+ 44. Kc5 Ke7 45. a7 Rc6+ 1-0

[Event "Int. Stuttgarter Stadtmeisterschaft C"]
[Site "Ditzingen"]
[Date "2013.05.09"]
[Round "1.6"]
[White "Leykauf, Thomas"]
[Black "Hauger, Albrecht"]
[Result "1-0"]
[WhiteElo "1380"]
[BlackElo "1018"]
[PlyCount "54"]
[EventDate "2013.??.??"]
[WhiteTeam "SF HN-Biberach 1978 e.V."]
[BlackTeam "SC Schachmatt Botnang"]

1. e4 c5 2. d4 cxd4 3. c3 Nc6 4. cxd4 e6 5. a3 a6 6. Nc3 d6 7. Nf3 Nf6 8. Bc4
b5 9. Ba2 Qc7 10. O-O Be7 11. Re1 O-O 12. Bf4 b4 13. axb4 Nxb4 14. Bb1 Bb7 15.
e5 Bxf3 16. Qxf3 Nd7 17. Nb5 Qc6 18. Qh3 g6 19. Nxd6 Bxd6 20. exd6 Nd5 21. Bh6
Rfe8 22. Qg3 N7f6 23. h3 Rad8 24. Rc1 Qb6 25. Bd3 Rb8 26. Rxa6 Qxb2 27. Qe5
Qxc1+ 1-0

[Event "Int. Stuttgarter Stadtmeisterschaft C"]
[Site "Ditzingen"]
[Date "2013.05.09"]
[Round "1.7"]
[White "Fischer, Robert"]
[Black "Jüttner, Mark"]
[Result "0-1"]
[WhiteElo "1013"]
[BlackElo "1376"]
[PlyCount "116"]
[EventDate "2013.??.??"]
[WhiteTeam "TSG Steinheim"]
[BlackTeam "SpVgg Rommelshausen"]

1. e4 e5 2. Nf3 Nc6 3. Bc4 Nf6 4. Nc3 Nxe4 5. Nxe4 d5 6. Bb5 dxe4 7. Bxc6+ bxc6
8. Nxe5 Bd7 9. Qh5 g6 10. Qe2 Bc5 11. Nxd7 Qxd7 12. Qxe4+ Be7 13. O-O O-O 14.
Re1 Rae8 15. Qd3 Bd6 16. Rxe8 Rxe8 17. g3 Qh3 18. Qf1 Qg4 19. h3 Qf3 20. d4
Bxg3 21. Be3 Bd6 22. Re1 Qf5 23. Bh6 Rb8 24. Re2 Qh5 25. Bc1 Kg7 26. b3 Rb5 27.
c4 Rf5 28. c5 Bg3 29. Be3 Qf3 30. a4 Qd5 31. Rb2 Rf3 32. Qe2 Bh4 33. Kf1 Rxh3
34. Ke1 Bg5 35. Kd2 Bxe3+ 36. fxe3 Rg3 37. Kc3 Qe6 38. Kd3 Qf5+ 39. Kc3 Qe4 40.
Kd2 Rg2 41. Kc3 Rxe2 42. Rxe2 h5 43. Kb4 Qd3 44. Rb2 Qxe3 45. Ka5 Qc3+ 46. Ka6
Qxb2 47. a5 Qxb3 48. Kxa7 h4 49. a6 h3 50. Ka8 h2 51. a7 Qa4 52. Kb8 h1=Q 53.
a8=Q Qxa8+ 54. Kxa8 Qa1+ 55. Kb8 Qxd4 56. Kxc7 Qxc5 57. Kd7 Kf6 58. Ke8 Qe7#
0-1

[Event "Int. Stuttgarter Stadtmeisterschaft C"]
[Site "Ditzingen"]
[Date "2013.05.09"]
[Round "1.8"]
[White "Milarch, Harald"]
[Black "Afonso, Nils"]
[Result "1/2-1/2"]
[WhiteElo "1326"]
[BlackElo "993"]
[PlyCount "135"]
[EventDate "2013.??.??"]
[WhiteTeam "SC Schachmatt Botnang"]
[BlackTeam "SF 59 Kornwestheim"]

1. e4 e5 2. Bc4 Nf6 3. Nc3 Bc5 4. Nf3 Ng4 5. O-O O-O 6. h3 Nf6 7. d3 h6 8. Nxe5
d6 9. Ng6 Re8 10. Nf4 Nc6 11. Nfd5 Nxd5 12. Bxd5 Nd4 13. Be3 c6 14. Bb3 Nxb3
15. axb3 Bxe3 16. fxe3 Qg5 17. Qf3 Be6 18. Ne2 Rf8 19. Rf2 d5 20. Raf1 dxe4 21.
dxe4 Qc5 22. Nd4 a5 23. Qe2 Bd7 24. Qd3 Qg5 25. Nf5 g6 26. Nxh6+ Qxh6 27. Qxd7
Qxe3 28. Qxb7 Rad8 29. Qxc6 Rd2 30. Qf6 Rxc2 31. Kh2 Qxb3 32. Rxc2 Qxc2 33. Rf4
Qb3 34. Qc3 Qxc3 35. bxc3 a4 36. e5 a3 37. Ra4 Re8 38. e6 fxe6 39. Rxa3 e5 40.
Kg3 e4 41. Ra1 e3 42. Re1 e2 43. Kf2 Rc8 44. Rxe2 Rxc3 45. Re7 Rc2+ 46. Kg3
Rc3+ 47. Kg4 Rc4+ 48. Kg5 Rc2 49. g4 Rc6 50. h4 Kf8 51. Ra7 Kg8 52. Kh6 Kf8 53.
Kh7 Rc4 54. Kxg6 Rxg4+ 55. Kh5 Rd4 56. Kg5 Rd5+ 57. Kf6 Rd6+ 58. Ke5 Rh6 59.
Ra4 Kf7 60. Rf4+ Ke7 61. Kf5 Kf7 62. Kg5+ Kg7 63. Rf7+ Kxf7 64. Kxh6 Kg8 65.
Kg6 Kh8 66. h5 Kg8 67. h6 Kh8 68. h7 1/2-1/2

[Event "Int. Stuttgarter Stadtmeisterschaft C"]
[Site "Ditzingen"]
[Date "2013.05.09"]
[Round "1.9"]
[White "Finkbeiner, Alina"]
[Black "Bauer, Frank"]
[Result "0-1"]
[WhiteElo "981"]
[BlackElo "1304"]
[PlyCount "30"]
[EventDate "2013.??.??"]
[WhiteTeam "SV Stuttgart-Wolfbusch 1956 e.V."]
[BlackTeam "SC Feuerbach e. V."]

1. e4 e5 2. Nf3 d6 3. h3 Nf6 4. Nc3 Be7 5. Bd3 c6 6. b3 O-O 7. Bb2 Nbd7 8. Nh4
Nc5 9. Qf3 Nxd3+ 10. Qxd3 Nh5 11. Nf5 Bxf5 12. exf5 d5 13. Qe2 Nf6 14. Qxe5 Bd6
15. Qe3 Re8 0-1

[Event "Int. Stuttgarter Stadtmeisterschaft C"]
[Site "Ditzingen"]
[Date "2013.05.09"]
[Round "1.10"]
[White "Fink, Konstantin"]
[Black "Ustaosman, Hasan"]
[Result "1-0"]
[WhiteElo "1289"]
[BlackElo "976"]
[PlyCount "50"]
[EventDate "2013.??.??"]
[WhiteTeam "SC Lechhausen"]
[BlackTeam "TSG Steinheim"]

1. e4 c5 2. Nf3 d6 3. d4 cxd4 4. Nxd4 Nc6 5. Nc3 a6 6. Bg5 g6 7. Qd2 Bg7 8.
Nxc6 bxc6 9. O-O-O f6 10. Be3 Rb8 11. Bc4 Bf8 12. Bb3 Bb7 13. Rhe1 c5 14. Ba4+
Kf7 15. Bxc5 Qa5 16. Bb3+ e6 17. Bxd6 Be7 18. Bxb8 g5 19. Qd7 Kg6 20. Qxb7 Qc5
21. Qxa6 Qxf2 22. Qxe6 Bf8 23. Qf7+ Kh6 24. Qxf8+ Kh5 25. Bxg8 Qf4+ 1-0

[Event "Int. Stuttgarter Stadtmeisterschaft C"]
[Site "Ditzingen"]
[Date "2013.05.09"]
[Round "1.11"]
[White "Ungerer, Tobias"]
[Black "Malheur, Lothar"]
[Result "0-1"]
[WhiteElo "914"]
[BlackElo "1280"]
[PlyCount "52"]
[EventDate "2013.??.??"]
[WhiteTeam "Schach-Kids Bernhausen e.V."]
[BlackTeam "SF Birkenfeld"]

1. e4 c6 2. c4 Nf6 3. d3 g6 4. Ne2 Bg7 5. g3 O-O 6. Bg2 e5 7. O-O d6 8. Nbc3
Nbd7 9. Be3 Qc7 10. d4 exd4 11. Bxd4 c5 12. Nb5 Qb6 13. a4 cxd4 14. a5 Qc5 15.
Qc1 Ne5 16. Ra4 Bg4 17. Nexd4 a6 18. Qc3 axb5 19. Nxb5 Rfc8 20. b4 Qxb5 21. Qb3
Qxc4 22. Qa3 Qd3 23. Qa2 Nf3+ 24. Bxf3 Bxf3 25. Ra3 Qxf1+ 26. Kxf1 Rc1# 0-1

[Event "Int. Stuttgarter Stadtmeisterschaft C"]
[Site "Ditzingen"]
[Date "2013.05.09"]
[Round "1.12"]
[White "Erben, Katrin"]
[Black "Mirosenski, Roman"]
[Result "1-0"]
[WhiteElo "1272"]
[BlackElo "896"]
[PlyCount "65"]
[EventDate "2013.??.??"]
[WhiteTeam "SV Stuttgart-Wolfbusch 1956 e.V."]
[BlackTeam "SF Deizisau"]

1. e4 c5 2. Nc3 d6 3. g3 Nf6 4. Bg2 e6 5. d3 Nc6 6. Be3 Be7 7. Nge2 O-O 8. Qd2
Bd7 9. O-O-O e5 10. f4 Nd4 11. Bxd4 exd4 12. Nd5 Nxd5 13. exd5 Re8 14. c3 dxc3
15. Qxc3 Bf6 16. Qc2 Qa5 17. Nc3 Bxc3 18. Qxc3 Ba4 19. Qxa5 Bxd1 20. Rxd1 Re2
21. Rg1 b6 22. Qc3 b5 23. Kd1 b4 24. Qb3 Rf2 25. Ke1 Rxg2 26. Rxg2 Re8+ 27. Re2
Rf8 28. Qa4 h6 29. Qxa7 f6 30. Re7 Re8 31. Rxe8+ Kh7 32. Qf7 h5 33. Qxh5# 1-0

[Event "Int. Stuttgarter Stadtmeisterschaft C"]
[Site "Ditzingen"]
[Date "2013.05.09"]
[Round "1.13"]
[White "Pillin, Josef"]
[Black "Sax, Leon"]
[Result "0-1"]
[WhiteElo "828"]
[BlackElo "1268"]
[PlyCount "48"]
[EventDate "2013.??.??"]
[WhiteTeam "SSV Zuffenhausen"]
[BlackTeam "SC Gross-Sachsenheim"]

1. e4 e6 2. Nc3 d5 3. e5 c5 4. d3 Bd7 5. f3 Nc6 6. Bf4 Qb6 7. Qe2 Qxb2 8. Rb1
Qxc3+ 9. Bd2 Qxe5 10. Be3 d4 11. Bd2 Qxe2+ 12. Nxe2 b6 13. c3 Rc8 14. Rc1 Ne5
15. Nf4 g6 16. Nh3 Bg7 17. Be2 Nc6 18. O-O dxc3 19. Rxc3 Bxc3 20. Bxc3 Nd4 21.
Ng5 Nxe2+ 22. Kh1 Nxc3 23. f4 Bb5 24. Rf3 Rd8 0-1

[Event "Int. Stuttgarter Stadtmeisterschaft C"]
[Site "Ditzingen"]
[Date "2013.05.09"]
[Round "1.14"]
[White "Stegmiller, Dennis"]
[Black "Grimm, Ferdinand"]
[Result "1-0"]
[WhiteElo "1254"]
[BlackElo "842"]
[PlyCount "23"]
[EventDate "2013.??.??"]
[WhiteTeam "TSF Ditzingen"]
[BlackTeam "SC Gross-Sachsenheim"]

1. c4 d5 2. cxd5 Qxd5 3. Nc3 Qa5 4. Nf3 Nf6 5. g3 Bf5 6. Bg2 e6 7. O-O Be7 8.
Nd4 Bg6 9. Bxb7 Qc5 10. Nb3 Qh5 11. f3 Nc6 12. Bxc6+ 1-0

[Event "Int. Stuttgarter Stadtmeisterschaft C"]
[Site "Ditzingen"]
[Date "2013.05.09"]
[Round "1.15"]
[White "Stockburger, Marius"]
[Black "Günay, Nuri"]
[Result "0-1"]
[WhiteElo "787"]
[BlackElo "1253"]
[PlyCount "94"]
[EventDate "2013.??.??"]
[WhiteTeam "SF Freiberg"]
[BlackTeam "SC Gross-Sachsenheim"]

1. e4 e6 2. d4 d5 3. f3 c5 4. Nc3 Nf6 5. Bg5 h6 6. Bxf6 Qxf6 7. exd5 cxd4 8.
Nb5 Qe5+ 9. Qe2 Qxe2+ 10. Bxe2 Na6 11. d6 Bd7 12. Nxd4 Bxd6 13. Bb5 Nb4 14.
Bxd7+ Kxd7 15. a3 Be5 16. Rd1 Nd5 17. Nf5 Kc6 18. Nd4+ Bxd4 19. Rxd4 Ne3 20.
Rd2 Rad8 21. Rxd8 Rxd8 22. Ke2 Nxc2 23. f4 Nd4+ 24. Kf2 Nf5 25. Nf3 Kc7 26.
Rc1+ Kb8 27. Ne5 f6 28. Nf7 Rd2+ 29. Ke1 Rxg2 30. Rd1 Rxh2 31. Rd8+ Kc7 32. Rd2
Rxd2 33. Kxd2 h5 34. Ke2 Kc6 35. b4 Kd5 36. Kf3 h4 37. Kg4 Ke4 38. Ng5+ fxg5
39. fxg5 b5 40. g6 a6 41. Kh3 Kf4 42. Kh2 e5 43. Kg2 e4 44. Kf1 h3 45. Kg1 e3
46. Kh2 e2 47. Kxh3 e1=Q 0-1

[Event "Int. Stuttgarter Stadtmeisterschaft C"]
[Site "Ditzingen"]
[Date "2013.05.09"]
[Round "1.16"]
[White "Giebler, Kai"]
[Black "Lehmann, Felix"]
[Result "1-0"]
[WhiteElo "1220"]
[BlackElo "775"]
[PlyCount "61"]
[EventDate "2013.??.??"]
[WhiteTeam "TSF Ditzingen"]
[BlackTeam "SF Freiberg"]

1. e4 e5 2. Nf3 Nc6 3. Nc3 Nf6 4. d4 d6 5. Bb5 Bd7 6. Bg5 Be7 7. O-O a6 8. Bxc6
Bxc6 9. dxe5 dxe5 10. Qxd8+ Rxd8 11. Nxe5 Bxe4 12. Nxe4 Nxe4 13. Bxe7 Kxe7 14.
Rfe1 Ng5 15. Nc6+ Kd7 16. Nxd8 Rxd8 17. Rad1+ Kc8 18. Rxd8+ Kxd8 19. f4 Ne6 20.
f5 Ng5 21. h4 f6 22. hxg5 fxg5 23. Re3 Kd7 24. Rg3 h6 25. f6 gxf6 26. Rh3 Ke6
27. Rxh6 Kf5 28. Rh7 Kg4 29. Rxc7 Kg3 30. Rxb7 f5 31. c4 1-0

[Event "Int. Stuttgarter Stadtmeisterschaft C"]
[Site "Ditzingen"]
[Date "2013.05.09"]
[Round "1.17"]
[White "Aksit, Ali Tayyib"]
[Black "Schwarz, Manuel"]
[Result "0-1"]
[WhiteElo "742"]
[BlackElo "1200"]
[PlyCount "118"]
[EventDate "2013.??.??"]
[WhiteTeam "SF Freiberg"]
[BlackTeam "SVG Vaihingen/Enz"]

1. d4 Nf6 2. Nc3 e6 3. Bf4 c5 4. e3 d5 5. Bb5+ Bd7 6. Bxd7+ Qxd7 7. Bxb8 Rxb8
8. f4 b5 9. Nf3 b4 10. Ne5 Qc7 11. Na4 Ne4 12. b3 cxd4 13. exd4 Nc3 14. Nxc3
Qxc3+ 15. Ke2 Rc8 16. Rc1 Bd6 17. Rf1 g5 18. Rf3 Qc7 19. fxg5 Bxe5 20. dxe5
Qxe5+ 21. Re3 Qxg5 22. Qf1 Rg8 23. g3 Qh5+ 24. Kd2 Qxh2+ 25. Re2 Qxg3 26. Qf6
Qc3+ 27. Qxc3 Rxc3 28. a3 Rcg3 29. axb4 Rg1 30. b5 Rxc1 31. Kxc1 Kd7 32. c4 Rc8
33. Rc2 Kd6 34. Rd2 f5 35. Kc2 h5 36. Kc3 e5 37. Rxd5+ Ke6 38. Kd3 h4 39. Ke2
h3 40. Kf1 Rg8 41. Rd2 Rg3 42. c5 Rxb3 43. c6 Rxb5 44. c7 Rc5 45. Rd8 Rxc7 46.
Re8+ Kd5 47. Rd8+ Ke4 48. Rd2 Rc3 49. Re2+ Re3 50. Rh2 Kf4 51. Rf2+ Rf3 52. Kg1
Kg3 53. Rxf3+ Kxf3 54. Kh2 e4 55. Kxh3 e3 56. Kh2 e2 57. Kh3 e1=Q 58. Kh2 Qg3+
59. Kh1 Qg2# 0-1

[Event "Int. Stuttgarter Stadtmeisterschaft C"]
[Site "Ditzingen"]
[Date "2013.05.09"]
[Round "1.18"]
[White "Albert, Rafael Edwin"]
[Black "Günther, Niclas"]
[Result "0-1"]
[WhiteElo "1182"]
[BlackElo "728"]
[PlyCount "60"]
[EventDate "2013.??.??"]
[WhiteTeam "SF 59 Kornwestheim"]
[BlackTeam "SF Freiberg"]

1. e4 e5 2. Nc3 d6 3. Bc4 Qf6 4. d3 b6 5. Nf3 Ba6 6. Bg5 Qg6 7. Nd5 Kd7 8. Bb3
Nf6 9. O-O Nc6 10. Be3 h5 11. Ng5 Ng4 12. Qf3 f6 13. Ne6 Nd8 14. Nexc7 Nxh2 15.
Kxh2 Qg4 16. Qh3 Ne6 17. Qxg4 hxg4+ 18. Kg3 Nxc7 19. Bxb6 Nxd5 20. Bxd5 Rc8 21.
Bxa7 Rxc2 22. b3 Bxd3 23. Rfc1 g6 24. Rxc2 Bxc2 25. Rc1 Bd3 26. Bb6 Bh6 27.
Rc7+ Ke8 28. f3 Bf4+ 29. Kf2 g3+ 30. Ke1 Rh1+ 0-1

[Event "Int. Stuttgarter Stadtmeisterschaft C"]
[Site "Ditzingen"]
[Date "2013.05.09"]
[Round "1.19"]
[White "Leutschaft, Jonathan"]
[Black "Walliser, Pascal"]
[Result "0-1"]
[WhiteElo "741"]
[BlackElo "1157"]
[PlyCount "82"]
[EventDate "2013.??.??"]
[WhiteTeam "SF 59 Kornwestheim"]
[BlackTeam "SK Sontheim/Brenz e.V."]

1. e4 e5 2. Nf3 Nc6 3. Bc4 Bc5 4. Nc3 d6 5. h3 Be6 6. Bb5 Qd7 7. d3 a6 8. Bxc6
Qxc6 9. Bg5 f6 10. Bd2 Ne7 11. O-O O-O 12. Ne1 f5 13. exf5 Nxf5 14. Nf3 Qb6 15.
b3 Ng3 16. Re1 Bxf2+ 17. Kh2 Bxe1 18. Qxe1 Nf5 19. Ng5 Rf6 20. Nce4 Rg6 21. Qf1
Rf8 22. Qe2 Nd4 23. Qh5 Rh6 24. Qd1 d5 25. Nc3 Qd6 26. Kh1 Rhf6 27. g3 Rf1+ 28.
Qxf1 Rxf1+ 29. Rxf1 h6 30. Nf3 Bxh3 31. Rf2 Nxf3 32. Rxf3 e4 33. dxe4 dxe4 34.
Nxe4 Qd5 35. Rf4 Bf5 36. c4 Bxe4+ 37. Kh2 Qxd2+ 38. Kh3 Bg2+ 39. Kh2 Bf1+ 40.
Rf2 Qxf2+ 41. Kh1 Qg2# 0-1

[Event "Int. Stuttgarter Stadtmeisterschaft C"]
[Site "Ditzingen"]
[Date "2013.05.09"]
[Round "1.20"]
[White "Stecher, Oliver"]
[Black "Reichardt, Felix  Alexander"]
[Result "1-0"]
[WhiteElo "1146"]
[BlackElo "690"]
[PlyCount "31"]
[EventDate "2013.??.??"]
[WhiteTeam "SSV Zuffenhausen"]
[BlackTeam "SF Markgräflerland e."]

1. e4 e5 2. Nf3 d6 3. Bc4 Nf6 4. Ng5 Be6 5. Bxe6 Nbd7 6. Nxf7 Qe7 7. Bxd7+ Qxd7
8. Nxh8 Nxe4 9. Qh5+ Kd8 10. Qf3 Ng5 11. Qxf8+ Qe8 12. Qxg7 Ne6 13. Qxh7 Qf8
14. Ng6 Qe7 15. Qxe7+ Kc8 16. Qxe6+ 1-0

[Event "Int. Stuttgarter Stadtmeisterschaft C"]
[Site "Ditzingen"]
[Date "2013.05.09"]
[Round "2.1"]
[White "Winterkorn, Nikolaus"]
[Black "Stegmiller, Dennis"]
[Result "1-0"]
[WhiteElo "1456"]
[BlackElo "1254"]
[PlyCount "83"]
[EventDate "2013.??.??"]
[WhiteTeam "DJK Sportbund Stuttgart e.V."]
[BlackTeam "TSF Ditzingen"]

1. Nf3 Nf6 2. d4 g6 3. c3 Bg7 4. Nbd2 d6 5. h3 O-O 6. e4 Nbd7 7. Bd3 c5 8. O-O
Ne8 9. Re1 cxd4 10. cxd4 Nb6 11. Nc4 Be6 12. d5 Nxc4 13. Bxc4 Bd7 14. Rb1 Rc8
15. Qe2 Qa5 16. Bd2 Qc5 17. Rec1 Nc7 18. a3 Bb5 19. Be3 Bxc4 20. Rxc4 Qa5 21.
Rbc1 Qb5 22. R1c2 b6 23. Qd2 Qd7 24. Qc1 e6 25. Rxc7 Rxc7 26. Rxc7 Qa4 27. Qc2
Qxc2 28. Rxc2 exd5 29. exd5 f5 30. Bf4 Rd8 31. b3 h6 32. Rc6 Bf8 33. Nd4 g5 34.
Bh2 Re8 35. Ne6 Be7 36. Bxd6 Bxd6 37. Rxd6 g4 38. hxg4 fxg4 39. Kh2 h5 40. Kg3
Rc8 41. Rd8+ Rxd8 42. Nxd8 1-0

[Event "Int. Stuttgarter Stadtmeisterschaft C"]
[Site "Ditzingen"]
[Date "2013.05.09"]
[Round "2.2"]
[White "Günay, Nuri"]
[Black "Thomas, Leonhard"]
[Result "0-1"]
[WhiteElo "1253"]
[BlackElo "1445"]
[PlyCount "88"]
[EventDate "2013.??.??"]
[WhiteTeam "SC Gross-Sachsenheim"]
[BlackTeam "SV Fellbach"]

1. d4 Nf6 2. Nc3 d5 3. Bg5 Bf5 4. f3 h6 5. Bh4 e6 6. e4 dxe4 7. fxe4 Bg4 8.
Bxf6 Qxf6 9. Qxg4 Qxd4 10. Nf3 Qe3+ 11. Be2 Nc6 12. Nd2 O-O-O 13. O-O-O Bb4 14.
Qxg7 Bxc3 15. Qxc3 Qxe2 16. g3 Qg4 17. Rhf1 Nd4 18. Qe3 Qh5 19. Qf2 Rhf8 20. c3
Nc6 21. Nf3 Rxd1+ 22. Rxd1 b6 23. Qg2 Qg4 24. Ne1 Ne5 25. h3 Qg5+ 26. Kb1 Rg8
27. g4 Nc4 28. e5 Kb8 29. Nf3 Qg6+ 30. Ka1 Ne3 31. Qe2 Nxd1 32. Qxd1 Qe4 33. a3
Kc8 34. Qf1 Rd8 35. Nd4 Kb7 36. Qxf7 Qxe5 37. Qf3+ Qd5 38. Qe3 e5 39. Nf5 Qc4
40. Qf3+ e4 41. Qh1 Qe2 42. Ka2 Rd1 43. Nd4 Rxh1 44. Nxe2 Rxh3 0-1

[Event "Int. Stuttgarter Stadtmeisterschaft C"]
[Site "Ditzingen"]
[Date "2013.05.09"]
[Round "2.3"]
[White "Wasielewski, Kim-Luca"]
[Black "Giebler, Kai"]
[Result "1/2-1/2"]
[WhiteElo "1420"]
[BlackElo "1220"]
[PlyCount "48"]
[EventDate "2013.??.??"]
[WhiteTeam "Heilbronner SV"]
[BlackTeam "TSF Ditzingen"]

1. e4 e5 2. f4 d6 3. Nf3 Nc6 4. Bc4 Bg4 5. O-O Nd4 6. Be2 Nxe2+ 7. Qxe2 c6 8.
h3 Bxf3 9. Qxf3 Qf6 10. Qb3 Qe7 11. d3 Nf6 12. fxe5 dxe5 13. Bg5 Rb8 14. Bxf6
gxf6 15. Nd2 Bh6 16. Qc3 Qe6 17. Rf5 Rg8 18. a3 Bf4 19. Rf1 Bg5 20. Nf3 Bf4 21.
Qc5 b6 22. Qb4 a5 23. Qc3 c5 24. Rh5 h6 1/2-1/2

[Event "Int. Stuttgarter Stadtmeisterschaft C"]
[Site "Ditzingen"]
[Date "2013.05.09"]
[Round "2.4"]
[White "Schwarz, Manuel"]
[Black "Fais, Sami"]
[Result "1-0"]
[WhiteElo "1200"]
[BlackElo "1413"]
[PlyCount "83"]
[EventDate "2013.??.??"]
[WhiteTeam "SVG Vaihingen/Enz"]
[BlackTeam "VfL Sindelfingen"]

1. e4 c5 2. Nf3 d6 3. d4 cxd4 4. Nxd4 Nf6 5. Nc3 a6 6. Be2 e5 7. Nb3 Be7 8. Be3
b5 9. f3 Bb7 10. a3 d5 11. exd5 Nxd5 12. Nxd5 Qxd5 13. O-O O-O 14. Qe1 Nd7 15.
Rd1 Qc6 16. Na5 Qc7 17. Nxb7 Qxb7 18. c4 bxc4 19. Bxc4 Nb6 20. Bd3 Rad8 21. Rf2
f5 22. Bxb6 Qxb6 23. b4 e4 24. Bc4+ Kh8 25. Kf1 e3 26. Re2 Rxd1 27. Qxd1 Rd8
28. Qe1 f4 29. g3 g5 30. gxf4 gxf4 31. Rg2 Qc6 32. Be2 Bf6 33. Rg4 Qe6 34. b5
h5 35. Rg2 Qh3 36. Kg1 axb5 37. Qb4 Qf5 38. Bxb5 Rb8 39. a4 Qd5 40. Qxf4 Qd1+
41. Bf1 Kh7 42. Qf5+ 1-0

[Event "Int. Stuttgarter Stadtmeisterschaft C"]
[Site "Ditzingen"]
[Date "2013.05.09"]
[Round "2.5"]
[White "Walliser, Pascal"]
[Black "Jelisavac, Nenad"]
[Result "1-0"]
[WhiteElo "1157"]
[BlackElo "1390"]
[PlyCount "95"]
[EventDate "2013.??.??"]
[WhiteTeam "SK Sontheim/Brenz e.V."]
[BlackTeam "SK Sieker Bielefeld"]

1. e4 d5 2. exd5 Qxd5 3. Nc3 Qd8 4. Nf3 e6 5. d4 c6 6. Bf4 Bd6 7. Qd2 Qc7 8.
Bxd6 Qxd6 9. Qe3 Nf6 10. Bd3 Nbd7 11. O-O O-O 12. Nd2 Nb6 13. Nce4 Qe7 14.
Nxf6+ Qxf6 15. Ne4 Qe7 16. c4 Nd7 17. f4 f5 18. Ng5 g6 19. Qxe6+ Qxe6 20. Nxe6
Rf7 21. Ng5 Rf8 22. c5 Nf6 23. Rfe1 h6 24. Ne6 Bxe6 25. Rxe6 Rae8 26. Re5 Kg7
27. Rae1 Rd8 28. Re7+ Rf7 29. Rxf7+ Kxf7 30. Bc4+ Kg7 31. Re7+ Kf8 32. Rf7+ Ke8
33. Rxf6 Rxd4 34. Re6+ Kd7 35. Rd6+ Rxd6 36. cxd6 Kxd6 37. h4 g5 38. hxg5 hxg5
39. fxg5 Ke5 40. Bf7 b5 41. g6 Kf6 42. Kf2 a5 43. Ke3 c5 44. Kd3 a4 45. Kc3 f4
46. b4 c4 47. Bxc4 bxc4 48. b5 1-0

[Event "Int. Stuttgarter Stadtmeisterschaft C"]
[Site "Ditzingen"]
[Date "2013.05.09"]
[Round "2.6"]
[White "Reichmann, Bernd"]
[Black "Leykauf, Thomas"]
[Result "1/2-1/2"]
[WhiteElo "1137"]
[BlackElo "1380"]
[PlyCount "40"]
[EventDate "2013.??.??"]
[WhiteTeam "SV Fellbach"]
[BlackTeam "SF HN-Biberach 1978 e.V."]

1. e4 e6 2. d4 d5 3. Nc3 Bb4 4. e5 Ne7 5. Nf3 c5 6. a3 Bxc3+ 7. bxc3 cxd4 8.
cxd4 Nbc6 9. Be2 Nf5 10. c3 Bd7 11. Bd2 Rc8 12. Rb1 Na5 13. Bd3 O-O 14. Bxf5
exf5 15. O-O Re8 16. Re1 f6 17. g3 fxe5 18. Rxe5 Rxe5 19. Nxe5 Rc7 20. Qh5 Qf8
1/2-1/2

[Event "Int. Stuttgarter Stadtmeisterschaft C"]
[Site "Ditzingen"]
[Date "2013.05.09"]
[Round "2.7"]
[White "Jüttner, Mark"]
[Black "Stecher, Oliver"]
[Result "1-0"]
[WhiteElo "1376"]
[BlackElo "1146"]
[PlyCount "59"]
[EventDate "2013.??.??"]
[WhiteTeam "SpVgg Rommelshausen"]
[BlackTeam "SSV Zuffenhausen"]

1. f4 d5 2. Nf3 Nc6 3. e3 f6 4. Bb5 Bd7 5. b3 e6 6. O-O Bd6 7. Bb2 Qe7 8. d4
Nh6 9. Nbd2 Ng4 10. Qe1 Nb4 11. Bxd7+ Qxd7 12. Rc1 Nxa2 13. Rb1 Nb4 14. Rc1 Qe7
15. h3 Nh6 16. Qe2 O-O 17. c4 c6 18. c5 Bc7 19. Ba3 Na6 20. Qf2 e5 21. Qg3 exf4
22. exf4 Qe3+ 23. Qf2 Qxf4 24. Rfe1 Nf5 25. Nf1 Rae8 26. Rxe8 Rxe8 27. Rd1 Ba5
28. Bc1 Qc7 29. N3h2 Re4 30. Qxf5 1-0